000 00415nam a22001697a 4500
005 20221215111212.0
008 221215b |||||||| |||| 00| 0 eng d
020 _a978-93-5051-769-7
041 _aeng
082 _a519.5-GUP-F
100 _aGUPTA, S.C
_9978
245 _aFUNDAMENTALS OF STATISTICS
250 _a7th.ed.
260 _aMUMBAI
_bHIMALAYA PUBLISHING HOUSE
_c2022
300 _a1.7;P.
942 _cBK
999 _c8036
_d8034